书目信息 |
| 题名: |
全球脑
|
|
| 作者: | 杨友三 著 | |
| 分册: | ||
| 出版信息: | 长春 吉林出版集团有限责任公司 2010.1 |
|
| 页数: | 213页 | |
| 开本: | 23cm | |
| 丛书名: | ||
| 单 册: | ||
| 中图分类: | D56 | |
| 科图分类: | ||
| 主题词: | 社会发展--研究--世界 , 社会发展 | |
| 电子资源: | ||
| ISBN: | 978-7-5463-1634-5 | |
| 000 | 00761nam0 2200241 45 | |
| 001 | 515 | |
| 005 | 20120531151652.14 | |
| 010 | @a978-7-5463-1634-5@dCNY29.80 | |
| 100 | @a20120328d2010 em y0chiy0110 ea | |
| 101 | 0 | @achi |
| 102 | @aCN@b220000 | |
| 105 | @ay z 000yy | |
| 106 | @ar | |
| 200 | 1 | @a全球脑@AQuan Qiu Nao@f杨友三著@FYang You San Zhu |
| 210 | @a长春@c吉林出版集团有限责任公司@d2010.1 | |
| 215 | @a213页@d23cm | |
| 330 | @a本书笔者将重点讨论全球脑所具有的智能,并以此为线索,逐渐揭示出人类社会运行和发展所遵循的本质规律,以及人的价值、人与人之间的关系。 | |
| 606 | 0 | @a社会发展@x研究@y世界 |
| 606 | 0 | @a社会发展 |
| 690 | @aD56@v4 | |
| 701 | 0 | @a杨友三@AYang You San@4著 |
| 801 | 0 | @aCN@bTSTCL@c20120328 |
| 905 | @b0811400-04@dD56@e179@f5 | |
| 全球脑/杨友三著.-长春:吉林出版集团有限责任公司,2010.1 |
| 213页;23cm |
| ISBN 978-7-5463-1634-5:CNY29.80 |
| 本书笔者将重点讨论全球脑所具有的智能,并以此为线索,逐渐揭示出人类社会运行和发展所遵循的本质规律,以及人的价值、人与人之间的关系。 |
| ● |
| 相关链接 |
|
|
|
|
正题名:全球脑
索取号:D56/179
 
预约/预借
| 序号 | 登录号 | 条形码 | 馆藏地/架位号 | 状态 | 备注 |
| 1 | 0811400 | 208114002 | 第一样本阅览室/ [索取号:D56/179] | 在馆 | |
| 2 | 0811401 | 208114011 | 第一借阅区/ [索取号:D56/179] | 在馆 | |
| 3 | 0811402 | 208114020 | 第一借阅区/ [索取号:D56/179] | 在馆 | |
| 4 | 0811403 | 208114039 | 第一借阅区/ [索取号:D56/179] | 在馆 | |
| 5 | 0811404 | 208114048 | 第一借阅区/ [索取号:D56/179] | 在馆 |